00423nam a22001457a 450000500170000000800410001702000180005804100120007608200230008810000210011124500470013225000180017926000670019736500130026420240829110713.0240829b |||||||| |||| 00| 0 eng d a9788119300808 aENGLISH a303.48 MURb33562 aMadhumita Murgia aCode DependentbLiving in the Shadow of AI aFIRST EDITION aUnited KingdombPan Macmillan Publishing India Pvt. Ltd.c2024 b454cRs.